| 000 | 00611nam a2200193 i 4500 | ||
|---|---|---|---|
| 001 | bg | ||
| 100 | 1 | _aGRODZKI, Zdzisław | |
| 245 | 0 |
_aSterowane systemy iteracyjne [deterministyczne i niedeterministyczne] / _cZdzisław Grodzki. |
|
| 260 |
_aLublin : _bPolit. Lubelska, _c1981. |
||
| 300 |
_as. 142 : _brys. |
||
| 490 | 1 |
_aPrace Inst. Mat., Fizyki i Chemii. Seria A ; _vNr 2 |
|
| 504 | _a[Zawiera bibliogr. s. 139-142]. | ||
| 830 | _aPrace Inst. Mat., Fizyki i Chemii. Seria A ; | ||
| 040 | _cBPK | ||
| 041 | _apol | ||
| 080 | _a519.7:510.22 | ||
| 942 | _cKS | ||
| 008 | s pl f |000 0 pol | ||
| 999 |
_c20499 _d20499 |
||
| 856 |
_uhttp://koha.tu.koszalin.pl/cgi-bin/koha/opac-detail.pl?biblionumber=20499 _yKatalog online BPK |
||